Elektroakustika 1 /
Uložené v:
| Hlavní autori: | , |
|---|---|
| Médium: | Kniha |
| Jazyk: | Slovak |
| Vydavateľské údaje: |
Bratislava :
SVŠT v Bratislave,
1977
|
| Vydanie: | 1.vyd. |
| Tagy: |
Žiadne tagy, Buďte prvý, kto otaguje tento záznam!
|
MARC
| LEADER | 00000nam a22000003a 4500 | ||
|---|---|---|---|
| 001 | stu9686 | ||
| 005 | 20150617225803.7 | ||
| 008 | 970509s1977----cs------------------slo-d | ||
| 040 | |a STU |b slo | ||
| 041 | 0 | |a slo | |
| 044 | |a cs | ||
| 080 | |a 534.86(075.8) | ||
| 100 | 1 | |a Ducko, Aristid |4 aut | |
| 245 | 1 | |a Elektroakustika 1 / |c [aut.] Ducko,Aristid; Makáň,Florián | |
| 250 | |a 1.vyd. | ||
| 260 | |a Bratislava : |b SVŠT v Bratislave, |c 1977 | ||
| 300 | |a 263 s | ||
| 700 | 1 | |a Makáň, Florián, |d 1937- |4 aut |u E230 |U FEI Fakulta elektrotechniky a informatiky |T FEI Katedra rádioelektroniky |X 3733 |U E230 |Y 71 |7 A000003733 | |
| 996 | |b E40071 |c E*40071 |l EE01 |s A |a 24 |w stu9686_0001 | ||
| 996 | |b E40997 |c E*40997 |l EE01 |s A |a 24 |w stu9686_0002 | ||